Normal view
MARC view
Entry Personal Name
001 - CONTROL NUMBER
- control field: 13180
003 - CONTROL NUMBER IDENTIFIER
- control field: HDC
005 - DATE AND TIME OF LATEST TRANSACTION
- control field: 20230624073412.0
008 - FIXED-LENGTH DATA ELEMENTS
- fixed length control field: 210210|| aca||aabn | a|a d
040 ## - CATALOGING SOURCE
- Original cataloging agency: HDC
- Transcribing agency: HDC
100 ## - HEADING--PERSONAL NAME
- Personal name: Ismail B. Sahid
670 ## - SOURCE DATA FOUND
- Source citation: Work cat.: (HDC): Ismail B. Sahid, author, Effects of glyphosate on the mortality and shikimic acid level in two goosegrass [Eleusine indica (L.) Gaertn.] biotypes /, 2004
